Сульфиды Салаира. Урская группа полиметаллических месторождений; Известия Томского индустриального института [Известия ТИИ]; Т. 58, [Вып. 1-3]

Detalles Bibliográficos
Parent link:Известия Томского индустриального института [Известия ТИИ]/ Томский индустриальный институт (ТИИ).— , 1934-1944
Т. 58, [Вып. 1-3].— 1937
Autor principal: Болгов Г. П.
Sumario:Заглавие с титульного листа
Электронная версия печатной публикации
Lenguaje:ruso
Publicado: 1937
Materias:
Acceso en línea:Черно-белая версия для предварительного просмотра
Цветная версия без потери качества
Formato: MixedMaterials Electrónico Capítulo de libro
KOHA link:https://koha.lib.tpu.ru/cgi-bin/koha/opac-detail.pl?biblionumber=182305

MARC

LEADER 00000nla2a2200000 4500
001 182305
005 20231031171259.0
035 |a (RuTPU)RU\TPU\book\197640 
035 |a RU\TPU\book\197636 
090 |a 182305 
100 |a 20100620d1937 k y0rusy50 ca 
101 0 |a rus 
102 |a RU 
135 |a drnn ---uucaa 
181 0 |a i  
182 0 |a b 
200 1 |a Сульфиды Салаира. Урская группа полиметаллических месторождений  |b Электронный ресурс  |f Г. П. Болгов 
203 |a Текст  |c электронный 
215 |a 2 файла (4.8 Мб, 83 Мб) 
230 |a Электронные текстовые данные (2 файла : 4.8 Мб, 83 Мб) 
300 |a Заглавие с титульного листа 
300 |a Электронная версия печатной публикации 
337 |a Adobe Reader 
461 1 |0 (RuTPU)RU\TPU\book\197248  |t Известия Томского индустриального института [Известия ТИИ]  |f Томский индустриальный институт (ТИИ)  |d 1934-1944 
463 1 |0 (RuTPU)RU\TPU\book\197634  |t Т. 58, [Вып. 1-3]  |d 1937  |p 312 с. 
610 1 |a электронный ресурс 
610 1 |a труды учёных ТПУ 
700 1 |a Болгов  |b Г. П. 
801 1 |a RU  |b 63413507  |c 20090320  |g PSBO 
801 2 |a RU  |b 63413507  |c 20160226  |g PSBO 
856 4 |u http://www.lib.tpu.ru/fulltext/v/Bulletin_TPU/1937/v58/a6_bw.pdf  |z Черно-белая версия для предварительного просмотра 
856 4 |u http://www.lib.tpu.ru/fulltext/v/Bulletin_TPU/1937/v58/a6_full.pdf  |z Цветная версия без потери качества 
942 |c CF